Entre la ontologia y la antropologia filosofica /
Guardado en:
| Autor Principal: | |
|---|---|
| Formato: | Libro |
| Publicado: |
Mendoza :
Facultad De Filosofia Y Letras, Instituto De Filosofia,
1980
|
| Materias: | |
| Etiquetas: |
Agregar Etiqueta
Sin Etiquetas, Sea el primero en etiquetar este registro!
|
| LEADER | 00652nam a22001815a 4500 | ||
|---|---|---|---|
| 001 | EHU.bham001237 | ||
| 003 | AR-BHAM | ||
| 005 | 20070315163911.0 | ||
| 008 | 130507s1980##################000#0#####d | ||
| 082 | 1 | 1 | |a 111 |
| 100 | 1 | |a Pro, Diego F. | |
| 245 | 1 | 0 | |a Entre la ontologia y la antropologia filosofica / |c Diego F. Pro. |
| 260 | |a Mendoza : |b Facultad De Filosofia Y Letras, Instituto De Filosofia, |c 1980 | ||
| 300 | |a 130 p. | ||
| 653 | |a Ontologia | ||
| 859 | |a AR-BHAM |b BIB. HUMANIDADES - General |h 111 |i P94 |p 115.84 |t Ej.1 | ||
| 859 | |a AR-BHAM |b BIB. HUMANIDADES - General |h 111 |i P94 |p 248.84 |t Ej.1 | ||
| 859 | |a AR-BHAM |b BIB. HUMANIDADES - General |h 111 |i P94 |p 312.83 |t Ej.1 | ||
